Online Catalogue and eLibrary

Lanka janathava (Record no. 2062)

MARC details
000 -LEADER
fixed length control field 00372nam a2200145Ia 4500
005 - DATE AND TIME OF LATEST TRANSACTION
control field 20250616014059.0
008 - FIXED-LENGTH DATA ELEMENTS--GENERAL INFORMATION
fixed length control field 240331s9999 xx 000 0 und d
082 ## - DDC Classification
Item Number - Author Mark WIJ
Class No. 305
100 ## - MAIN ENTRY--PERSONAL NAME
Personal name Wijesekera, N
245 #0 - TITLE STATEMENT
Title Lanka janathava
260 ## - PUBLICATION, DISTRIBUTION, ETC.
Place of publication, distribution, etc. Colombo
Name of publisher, distributor, etc. A.M.D Gunasena Publishers
Date of publication, distribution, etc. 1969
300 ## - PHYSICAL DESCRIPTION
Extent (e.g. Volumes, Pages etc.) 264 p .,
500 ## - GENERAL NOTE
General note A book of Population of Sri Lanka
942 ## - Koha item type (Biblio)
Koha item type Books in Stacks (Lending)
Holdings
Lost status Damaged status Collection code Home library Current library Shelving location Date acquired Full call number Accession Number Item type
    Lending WERC Library WERC Library Social Science Cupboard 03/31/2024 305.8 WIJ 3361 Books in Stacks (Lending)

© WERC Library